| 000 | 01550nam a22004097a 4500 | ||
|---|---|---|---|
| 003 | CHAP | ||
| 005 | 20220329140943.0 | ||
| 008 | 971013s1995 r 00010 d | ||
| 010 | _a60373 | ||
| 011 | _a61345 | ||
| 035 | _a65509 | ||
| 040 | _cCHAP | ||
| 082 |
_a630.83 A84 1991 _bCoah. |
||
| 245 |
_aAtlas agropecuario _b: Coahuila |
||
| 260 |
_aAguscalientes, Ags. : _bINEGI, _c1995 |
||
| 300 |
_a81 p. _b; gráfs. ; mapas |
||
| 590 |
_aBATCH-UPD _b10 _c20130110 _lUCH01 _h0047 |
||
| 590 |
_aBATCH-UPD _b10 _c20130110 _lUCH01 _h0759 |
||
| 590 |
_aBATCH-UPD _b10 _c20130409 _lUCH01 _h2034 |
||
| 590 |
_aBATCH-UPD _b10 _c20130410 _lUCH01 _h0438 |
||
| 590 |
_aBATCH-UPD _b10 _c20130914 _lUCH01 _h1100 |
||
| 590 |
_aCONVERSION _b10 _c20130109 _lUCH01 _h1332 |
||
| 650 | 1 | 4 |
_aAgricultura _xEstadisticas _xCoahuila. _91427 |
| 650 | 1 | 4 |
_aCrédito agrícola _xCoahuila. _929043 |
| 650 | 1 | 4 |
_aCultivos _xCoahuila. _930240 |
| 650 | 1 | 4 |
_aEjidos _xCoahuila. _936010 |
| 650 | 1 | 4 |
_aGanadería _xEstadísticas _xCoahuila. _944695 |
| 650 | 1 | 4 |
_aMaquinaria agrícola _xCoahuila. _971161 |
| 650 | 1 | 4 |
_aProductos forestales _xEstadísticas. _992079 |
| 650 | 1 | 4 |
_aTierras _xUtilización _xCoahuila. _9113231 |
| 710 | 2 |
_aInstituto Nacional de Estadística, Geografía e Informática. México. _959304 |
|
| 790 | _aCenso agropecuario (7o.) 1991 | ||
| 901 | _aBK | ||
| 942 | _cLIBRO | ||
| 949 |
_a630.83 A84 1991 Coah. _bBC _cESP _d33724000640603 _eESP _fc.2 _h91159 _i65509 _si _t45.00 |
||
| 949 |
_a630.83 A84 1991 Coah. _bBC _cINEGI _d33724000609160 _eINEGI _gI. c/e _h90663 _i65509 _si _t45.00 |
||
| 999 |
_c60373 _d60373 |
||